02062nam a22002777a 450000500170000000800410001702000180005804000270007604100080010304400070011108200200011824501480013825000190028626001160030530000660042150000300048750400420051750509540055965000390151365000360155265000340158865000410162265000410166370000370170470000430174120150901123051.0150901b2014 ck |||||r|||| 00| 0 spa d a9786078328079 aCO-BoIAVH cCO-BoIAVH 0 aspa amx04a577.30723bG89b1 aBosques mesófilos de montaña de México:bdiversidad, ecología y manejo / cCompiladores: Martha Gual-Díaz y Alejandro Rendón-Correa a1er. Edición aMéxico D.F. (México):bComisión nacional para el Conocimiento y Uso de la Biodiversidad (CONABIO),c2014. a352 p,bilustraciones y fotografías a colorc23 cm.eCD-ROM aIncluye anexos en CD-ROM. aIncluye referencias bibliográficas.0 aLos bosques mesófilos de montaña en México. Sistema de información del bosque mesófilo de montaña en México: recopilación sistematización de datos e información. El bosque mesófilo de montaña: un ecosistema prioritario amenazado. Ecología y manejo de los bosques mesófilos de montaña en México. Las plantas vasculares de los bosques mesófilos de montaña en México. Licopodios y helechos en el bosque mesófilo de montaña de México. El bosque mesófilo de montaña en México y sus plantas con flores. Fauna de los bosques mesófilos de montaña. Anfibios en el bosque mesófilo de montaña en México. Reptiles en el bosque mesófilo de montaña de México. La importancia de las aves del bosque mesófilo de montaña de México. Mamíferos del bosque mesófilo de montaña en México. Conservar los bosques mesófilos de montaña, un proceso de educación y capacitación ambiental. 6aBiodiversidad en bosqueszMéxico 6aEcología de bosqueszMéxico 4aBosques MesófiloszMéxico 4aBosques MesófilosxFaunazMéxico 4aBosques MesófilosxFlorazMéxico1 aGual-Díaz, MarthaeCompiladora1 aRendón-Correa, AlejandroeCompilador